Ч. 2; Программирование автоматизированного оборудования

Bibliographic Details
Parent link:Программирование автоматизированного оборудования: учебник/ П. П. Серебреницкий, А. Г. Схиртладзе. Ч. 2.— , 2008.— 978-5-358-04057-1
Summary:Учебник в двух частях содержит данные по основным аспектам процесса подготовки управляющих программ для металлорежущего оборудования с ЧПУ различных типов и классов, вопросы отладки и редактирования программ. Особое внимание отведено решению задач автоматизации программирования на базе CAD/CAM-систем, рассмотрены типовые методики и примеры. Вопросы программирования представлены во взаимосвязи с вопросами разработки технологии, оборудования, технологической оснастки. Учебник в целом соответствует примерным программам дисциплин «Программирование для автоматизированного оборудования», «Автоматизация технологических процессов», «Программирование обработки на станках с ЧПУ» и др. Для студентов высших технических учебных заведений машиностроительных специальностей и инженерно-технических работников машиностроительных предприятий.
Language:Russian
Published: 2008
Subjects:
Format: MixedMaterials Book
KOHA link:https://koha.lib.tpu.ru/cgi-bin/koha/opac-detail.pl?biblionumber=127495

MARC

LEADER 00000nam2a2200000 4500
001 127495
005 20231101220045.0
010 |a 9785358040588 
035 |a (RuTPU)RU\TPU\book\137930 
090 |a 127495 
100 |a 20071217d2008 m y0rusy50 ca 
101 0 |a rus 
102 |a RU 
105 |a a j 001zy 
200 0 |a Ч. 2 
210 |d 2008 
215 |a 301 с.  |c ил. 
320 |a Список рекомендуемой литературы: с. 300. 
330 |a Учебник в двух частях содержит данные по основным аспектам процесса подготовки управляющих программ для металлорежущего оборудования с ЧПУ различных типов и классов, вопросы отладки и редактирования программ. Особое внимание отведено решению задач автоматизации программирования на базе CAD/CAM-систем, рассмотрены типовые методики и примеры. Вопросы программирования представлены во взаимосвязи с вопросами разработки технологии, оборудования, технологической оснастки. Учебник в целом соответствует примерным программам дисциплин «Программирование для автоматизированного оборудования», «Автоматизация технологических процессов», «Программирование обработки на станках с ЧПУ» и др. Для студентов высших технических учебных заведений машиностроительных специальностей и инженерно-технических работников машиностроительных предприятий. 
451 1 |0 (RuTPU)RU\TPU\book\71774  |y 5-06-004081-X  |t Программирование для автоматизированного оборудования  |o учебник  |f П. П. Серебреницкий, А. Г. Схиртладзе  |g под ред. Ю. М. Соломенцева  |c М.  |n Высшая школа  |d 2003  |p 592 с.  |s Технология, оборудование и автоматизация машиностроительных производств  |a Серебреницкий, Павел Павлович 
461 1 |0 (RuTPU)RU\TPU\book\156132  |y 978-5-358-04057-1  |t Программирование автоматизированного оборудования  |o учебник  |f П. П. Серебреницкий, А. Г. Схиртладзе  |v Ч. 2  |d 2008  |s Высшее образование 
606 1 |a Металлорежущие станки  |x Программное управление  |x Подготовка  |x Математическое обеспечение  |x Микропроцессорные системы  |2 stltpush  |3 (RuTPU)RU\TPU\subj\42640  |9 62299 
610 1 |a металлорежущие станки с ЧПУ 
610 1 |a машиностроение 
610 1 |a автоматизация 
610 1 |a программы 
610 1 |a CAD-CAM-системы 
610 1 |a АРМ 
610 1 |a автоматизированное рабочее место 
610 1 |a промышленные роботы 
610 1 |a роботизированные технологические комплексы 
610 1 |a программирование 
610 1 |a электроэрозионное оборудование 
610 1 |a учебники 
675 |a 621.9.06-529:681.3(075.8)  |v 3 
801 1 |a RU  |b 63413507  |c 20071217  |g PSBO 
801 2 |a RU  |b 63413507  |c 20201028  |g PSBO 
900 |a Программирование обработки на станках с ЧПУ 
900 |a Оборудование автоматизированного производства 
900 |a Автоматизация технологических процессов 
900 |a Программирование для автоматизированного оборудования 
900 |a Технология автоматизированного производства 
942 |c BK 
951 |b 150900  |b 151000  |b 220300 
959 |a 94/20071214  |d 1  |e 0  |f ЧЗТЛ:1 
959 |a 73/20080716  |d 2  |e 184,80  |f АНЛ:1  |f ЧЗТЛ:1